00333 a2200109 4500001001000000005001700010008004100027245004200068100002300110773007300133999001700206ART_4670920260410161926.0260409a 10aRisk, Inflation, and the Stock Market1 aPindyck, Robert S.0 tThe American Economic Reviewg- Vol. 74, NÂș 3 (jun. 1984)wREV16190 c28151d28151